Civilizations of the ancient world : (Record no. 174)
| 000 -LEADER | |
|---|---|
| fixed length control field | 00723nam a22001817a 4500 |
| 003 - CONTROL NUMBER IDENTIFIER | |
| control field | OSt |
| 005 - DATE AND TIME OF LATEST TRANSACTION | |
| control field | 20140116120820.0 |
| 008 - FIXED-LENGTH DATA ELEMENTS--GENERAL INFORMATION | |
| fixed length control field | 111011t xxu||||| |||| 00| 0 eng d |
| 020 ## - INTERNATIONAL STANDARD BOOK NUMBER | |
| International Standard Book Number | 9780500288344 |
| 040 ## - CATALOGING SOURCE | |
| Transcribing agency | DLC |
| 050 ## - LIBRARY OF CONGRESS CALL NUMBER | |
| Classification number | CB311.C58 2009 |
| 245 ## - TITLE STATEMENT | |
| Title | Civilizations of the ancient world : |
| Remainder of title | a visual sourcebook |
| Statement of responsibility, etc | edited by Dominic Rathbone |
| 260 ## - PUBLICATION, DISTRIBUTION, ETC. (IMPRINT) | |
| Place of publication, distribution, etc | London : |
| Name of publisher, distributor, etc | Thames & Hudson, |
| Date of publication, distribution, etc | 2009. |
| 300 ## - PHYSICAL DESCRIPTION | |
| Extent | 320 p. |
| Other physical details | col. ill., maps ; |
| 504 ## - BIBLIOGRAPHY, ETC. NOTE | |
| Bibliography, etc | Includes bibliographical references and index |
| 505 ## - FORMATTED CONTENTS NOTE | |
| Formatted contents note | Introduction-- Egypt, Mesopotamia, Greece and Rome-- Egypt-- Mesopotamia-- Greece-- Rome-- <br/>Other civilizations -- INtroduction-- The world in 500BC-- tHE WORLD IN ad1-- The world in AD 500 |
| 942 ## - ADDED ENTRY ELEMENTS (KOHA) | |
| Source of classification or shelving scheme | |
| Koha item type | Book |
| Withdrawn status | Lost status | Source of classification or shelving scheme | Damaged status | Not for loan | Home library | Current library | Date acquired | Source of acquisition | Total Checkouts | Full call number | Barcode | Date last seen | Date checked out | Copy number | Price effective from | Koha item type |
|---|---|---|---|---|---|---|---|---|---|---|---|---|---|---|---|---|
| Riara University Library | Riara University Library | 11/10/2011 | Purchase | 6 | CB311.C58 2009 | 2363/11 | 28/03/2017 | 07/03/2017 | C.1 | 11/10/2011 | Book | |||||
| Riara University Library | Riara University Library | 11/10/2011 | Purchase | 4 | CB311.C58 2009 | 2364/11 | 04/03/2015 | 04/03/2015 | C.2 | 11/10/2011 | Book | |||||
| Riara University Library | Riara University Library | 11/10/2011 | Purchase | 6 | CB311.C58 2009 | 2365/11 | 28/09/2016 | 23/09/2016 | C.3 | 11/10/2011 | Book |
